| 000 | 00660nam a2200229 a 4500 | ||
|---|---|---|---|
| 999 |
_c756 _d756 |
||
| 008 | 191028s2011 ii a|||g |||| 00| 0 eng d | ||
| 020 |
_a9781412972352 _c$ 82.00 |
||
| 040 |
_aKO _beng |
||
| 041 | 0 | _aeng | |
| 044 | _aii | ||
| 082 | 0 | 4 |
_223 _a658.3008 _bM79 |
| 100 | 1 | _aMor Barak, Michalle E. | |
| 245 | 1 | 0 |
_aManaging Diversity : _bTowards a Globally Inclusive Workplace / _cMichalle E. Mor Barak |
| 250 | _a2nd ed. | ||
| 260 |
_aNew Delhi : _bSAGE Publications India Pvt. Ltd. , _c2011 |
||
| 300 |
_axviii, 388 p. : _bill. ; _c23 cm. |
||
| 504 | _aIncludes Index. | ||
| 650 | 0 | _aDiversity in the workplace | |
| 904 | _aA_BOSE | ||
| 942 | _cBK | ||